Affari Tuoi - Statistics

Statistiche generali
  • Questo quiz è stato fatto 142 volte
  • Il punteggio medio è 18 su 20
Statistiche sulle risposte
Pacco Premio % Corretto
Uno 5€
96%
Sette 100€
92%
Venti 50€
92%
Sedici 10.000€
91%
Undici 200€
91%
Due 20.000€
91%
Tre 5.000€
91%
Nove 100.000€
90%
Cinque 15.000€
90%
Sei 300.000€
90%
Otto 500€
90%
Dodici 50.000€
90%
Quindici 20€
89%
Dieci 75€
89%
Quattordici 0€
88%
Diciannove 1€
88%
Quattro 10€
88%
Diciotto 200.000€
88%
Tredici 30.000€
88%
Diciassette 75.000€
86%
Nessun quiz corrispondente trovato
Distribuzione punteggi
Percentuale di utenti per punteggio
Percentile per numero di risposta
I tuoi punteggi nel tempo
Non hai fatto questo quiz